[Event "Medellin Castro Memorial op-A 31st"]
[Site "Medellin"]
[Date "2024.08.11"]
[Round "9"]
[White "Restrepo Ortiz, Brayan David"]
[Black "Toro Castaneda, Elizabeth"]
[Result "1-0"]
[WhiteElo "1939"]
[BlackElo "2026"]
[PlyCount "87"]
[EventDate "2024.08.07"]
[EventType "swiss"]
[EventRounds "10"]
[EventCountry "COL"]
[SourceTitle "CBM 221 Extra"]
[Source "ChessBase"]
[SourceDate "2024.09.30"]
[SourceVersion "1"]
[SourceVersionDate "2024.09.30"]
[SourceQuality "1"]

1. e4 c5 2. Nf3 d6 3. d4 cxd4 4. Nxd4 Nf6 5. Nc3 g6 6. Be3 Bg7 7. Bc4 0-0 8. f3 Nc6 9. Bb3 a6 10. Qd2 Nxd4 11. Bxd4 Be6 12. 0-0-0 Qa5 13. Kb1 Bxb3 14. cxb3 Rfc8 15. Bxf6 Bxf6 16. Nd5 Qxd2 17. Rxd2 Rc6 18. Nxf6+ exf6 19. Rhd1 Rd8 20. a4 Kf8 21. Ka2 Ke7 22. b4 Rdc8 23. Kb3 R8c7 24. Re2 Rc4 25. Rd5 Rc1 26. Red2 Rd7 27. b5 a5 28. R5d4 b6 29. Ka2 Ke6 30. b4 axb4 31. Rxb4 Rdc7 32. Kb2 R1c5 33. Rbd4 Rd7 34. Kb3 f5 35. exf5+ Rxf5 36. Kb4 Rc5 37. a5 bxa5+ 38. Kxa5 d5 39. Ka6 Kd6 40. b6 Kc6 41. Ra4 Rb7 42. Rb2 Rc4 43. Rxc4+ dxc4 44. Rb4 1-0

[Event "Medellin Castro Memorial op-A 31st"]
[Site "Medellin"]
[Date "2024.08.09"]
[Round "6"]
[White "Rodriguez Velasco, German Enrique"]
[Black "Restrepo Ortiz, Brayan David"]
[Result "1/2-1/2"]
[WhiteElo "2065"]
[BlackElo "1939"]
[PlyCount "103"]
[EventDate "2024.08.07"]
[EventType "swiss"]
[EventRounds "10"]
[EventCountry "COL"]
[SourceTitle "CBM 221 Extra"]
[Source "ChessBase"]
[SourceDate "2024.09.30"]
[SourceVersion "1"]
[SourceVersionDate "2024.09.30"]
[SourceQuality "1"]

1. g3 Nf6 2. Bg2 d5 3. d4 e6 4. c4 Be7 5. Qc2 c6 6. Nf3 Ne4 7. 0-0 f5 8. Nc3 Nd7 9. Nd2 Bf6 10. Rd1 a5 11. Qd3 0-0 12. Nf1 Nd6 13. cxd5 exd5 14. b3 Be7 15. Ba3 Ne4 16. Bxe7 Qxe7 17. f3 Nxc3 18. Qxc3 Qxe2 19. Re1 Qb5 20. Re7 Nf6 21. Qe3 Bd7 22. Nd2 Rae8 23. Re5 h6 24. Bf1 Qb6 25. Re1 Qb4 26. Qd3 Qa3 27. Qc2 Qb4 28. Qd3 c5 29. dxc5 Qxc5+ 30. Kg2 Rxe5 31. Rxe5 Re8 32. Rxe8+ Nxe8 33. Nb1 Nf6 34. Nc3 Kf7 35. Qd2 b6 36. Ne2 Bb5 37. Nd4 Bxf1+ 38. Kxf1 g6 39. Qe3 Qe7 40. Qxh6 Qe5 41. Qd2 Qd6 42. Kg2 Nd7 43. h4 Nf6 44. Qe3 Nh5 45. Ne2 Nxg3 46. Nxg3 f4 47. Qd4 fxg3 48. f4 Qc5 49. Qe5 Qf2+ 50. Kh3 Qf3 51. Qc7+ Ke6 52. Qe5+ 1/2-1/2

[Event "American Continental Rapid 18th"]
[Site "Medellin"]
[Date "2024.06.01"]
[Round "5"]
[White "Barbosa Otero, Matthew"]
[Black "Restrepo Ortiz, Brayan David"]
[Result "1/2-1/2"]
[WhiteElo "1685"]
[BlackElo "1891"]
[PlyCount "69"]
[EventDate "2024.06.01"]
[EventType "swiss (rapid)"]
[EventRounds "9"]
[EventCountry "COL"]
[SourceTitle "CBM 220 Extra"]
[Source "ChessBase"]
[SourceDate "2024.07.31"]
[SourceVersion "1"]
[SourceVersionDate "2024.07.31"]
[SourceQuality "1"]

1. c4 Nf6 2. g3 g6 3. Bg2 Bg7 4. Nc3 0-0 5. Nf3 c5 6. e3 Nc6 7. d4 e6 8. dxc5 Qa5 9. 0-0 Qxc5 10. Qe2 d5 11. cxd5 Nxd5 12. Bd2 Rd8 13. Rac1 Qe7 14. Rfd1 Nf6 15. e4 e5 16. Bg5 Be6 17. Nd5 Bxd5 18. exd5 Nb4 19. Qxe5 Qxe5 20. Nxe5 Nbxd5 21. Ng4 Kf8 22. Bxd5 Nxg4 23. Bxd8 Rxd8 24. Bf3 Rxd1+ 25. Rxd1 Ne5 26. Bxb7 Ke7 27. Re1 Kd6 28. Rd1+ Kc7 29. Bg2 f5 30. Re1 Kd6 31. f4 Ng4 32. b3 Bd4+ 33. Kf1 Ne3+ 34. Rxe3 Bxe3 35. Ke2 1/2-1/2

[Event "American Continental Blitz 18th"]
[Site "Medellin"]
[Date "2024.05.29"]
[Round "9"]
[White "Castano Herrera, Saray"]
[Black "Restrepo Ortiz, Brayan David"]
[Result "0-1"]
[WhiteElo "1884"]
[BlackElo "1889"]
[PlyCount "30"]
[EventDate "2024.05.29"]
[EventType "swiss (blitz)"]
[EventRounds "9"]
[EventCountry "COL"]
[SourceTitle "CBM 220 Extra"]
[Source "ChessBase"]
[SourceDate "2024.07.31"]
[SourceVersion "1"]
[SourceVersionDate "2024.07.31"]
[SourceQuality "1"]

1. e4 c5 2. Nf3 d6 3. d4 cxd4 4. Nxd4 Nf6 5. Nc3 a6 6. Bg5 e6 7. f4 Be7 8. Qf3 Qc7 9. Be2 Nbd7 10. 0-0 Qb6 11. Qe3 h6 12. Bh4 e5 13. fxe5 dxe5 14. Nf5 Bc5 15. Nxg7+ Kf8 0-1

[Event "American Continental 18th"]
[Site "Medellin"]
[Date "2024.05.29"]
[Round "8"]
[White "Garcia Ospina, Sebastian"]
[Black "Restrepo Ortiz, Brayan David"]
[Result "0-1"]
[WhiteElo "1610"]
[BlackElo "1889"]
[PlyCount "23"]
[EventDate "2024.05.24"]
[EventType "swiss"]
[EventRounds "11"]
[EventCountry "COL"]
[SourceTitle "CBM 220 Extra"]
[Source "ChessBase"]
[SourceDate "2024.07.31"]
[SourceVersion "1"]
[SourceVersionDate "2024.07.31"]
[SourceQuality "1"]

1. d4 Nf6 2. Nf3 c5 3. d5 b5 4. Bf4 Qb6 5. e3 d6 6. b3 Nh5 7. Bg5 h6 8. Bh4 g5 9. Bg3 Bg7 10. c3 Bb7 11. e4 Nd7 12. Qc2 0-1

[Event "American Continental Blitz 18th"]
[Site "Medellin"]
[Date "2024.05.29"]
[Round "8"]
[White "Restrepo Ortiz, Brayan David"]
[Black "Paladines Pinzon, Samuel"]
[Result "0-1"]
[WhiteElo "1889"]
[BlackElo "1795"]
[PlyCount "82"]
[EventDate "2024.05.29"]
[EventType "swiss (blitz)"]
[EventRounds "9"]
[EventCountry "COL"]
[SourceTitle "CBM 220 Extra"]
[Source "ChessBase"]
[SourceDate "2024.07.31"]
[SourceVersion "1"]
[SourceVersionDate "2024.07.31"]
[SourceQuality "1"]

1. e4 c5 2. Nf3 e6 3. c3 d5 4. exd5 Qxd5 5. d4 Nf6 6. Nbd2 Nc6 7. Bc4 Qd8 8. Nb3 cxd4 9. cxd4 a6 10. a4 Na5 11. Bd3 Bb4+ 12. Nbd2 Nc6 13. 0-0 Nxd4 14. Nxd4 Qxd4 15. Nf3 Qd8 16. Qb3 Be7 17. Rd1 Qc7 18. Be3 Bd7 19. Rac1 Bc6 20. Nd4 0-0 21. Be2 Nd5 22. Bd2 Qe5 23. Nxc6 bxc6 24. Bf3 Bf6 25. Rxc6 Qxb2 26. Bxd5 exd5 27. Qxd5 Rad8 28. Rd6 Rxd6 29. Qxd6 Qc2 30. Be3 Qxa4 31. g3 h5 32. Qc5 Qxd1+ 33. Kg2 h4 34. Qb6 hxg3 35. hxg3 Qd5+ 36. Kh2 Qb5 37. Qc7 a5 38. Qd6 Rd8 39. Qa3 Qh5+ 40. Kg2 Rd1 41. f3 Qh1+ 0-1

[Event "American Continental Blitz 18th"]
[Site "Medellin"]
[Date "2024.05.29"]
[Round "1"]
[White "Silva Alvarez, Matias"]
[Black "Restrepo Ortiz, Brayan David"]
[Result "0-1"]
[WhiteElo "1556"]
[BlackElo "1889"]
[PlyCount "94"]
[EventDate "2024.05.29"]
[EventType "swiss (blitz)"]
[EventRounds "9"]
[EventCountry "COL"]
[SourceTitle "CBM 220 Extra"]
[Source "ChessBase"]
[SourceDate "2024.07.31"]
[SourceVersion "1"]
[SourceVersionDate "2024.07.31"]
[SourceQuality "1"]

1. e4 c5 2. Nf3 d6 3. c3 Nf6 4. Bd3 g6 5. Bc2 Bg7 6. d4 cxd4 7. cxd4 0-0 8. 0-0 a6 9. Nc3 b5 10. a3 Bb7 11. Be3 Nbd7 12. Qd2 Nb6 13. b3 Rc8 14. Rac1 Qc7 15. Bb1 Qd8 16. d5 Nbd7 17. Bh6 Nc5 18. Bxg7 Kxg7 19. Bc2 Ncd7 20. Rfe1 Qa5 21. Bb1 Qxa3 22. Ba2 b4 23. Na4 Rxc1 24. Rxc1 Nxe4 25. Qb2+ Qxb2 26. Nxb2 Rc8 27. Rxc8 Bxc8 28. Bb1 Nc3 29. Bd3 Nxd5 30. Kf1 Nc3 31. Ke1 e5 32. Nd2 Nc5 33. Ndc4 e4 34. Nxd6 Be6 35. Be2 Bxb3 36. Nbc4 f5 37. Kd2 Nd5 38. Na5 Ba4 39. Bc4 Nb6 40. Ba2 Kf6 41. Ndc4 Nxc4+ 42. Bxc4 Ke5 43. Kc1 Kd6 44. Kb2 Kc7 45. Nb3 Bxb3 46. Bxb3 Nxb3 47. Kxb3 a5 0-1

[Event "American Continental 18th"]
[Site "Medellin"]
[Date "2024.05.25"]
[Round "2"]
[White "Gomez Silva, Maximiliano"]
[Black "Restrepo Ortiz, Brayan David"]
[Result "0-1"]
[WhiteElo "1712"]
[BlackElo "1889"]
[PlyCount "50"]
[EventDate "2024.05.24"]
[EventType "swiss"]
[EventRounds "11"]
[EventCountry "COL"]
[SourceTitle "CBM 220 Extra"]
[Source "ChessBase"]
[SourceDate "2024.07.31"]
[SourceVersion "1"]
[SourceVersionDate "2024.07.31"]
[SourceQuality "1"]

1. c4 Nf6 2. Nc3 c5 3. Nf3 Nc6 4. g3 g6 5. Bg2 Bg7 6. 0-0 0-0 7. e3 d5 8. cxd5 Nxd5 9. Nxd5 Qxd5 10. Nd4 Qd6 11. Nxc6 bxc6 12. Rb1 Ba6 13. Re1 Bd3 14. Ra1 Rab8 15. e4 Bd4 16. Qa4 e5 17. Qa5 f5 18. exf5 Rxf5 19. Re3 Bxe3 20. dxe3 Bc2 21. Qxa7 Qd1+ 22. Bf1 Rbf8 23. f4 Bd3 24. h3 Qxf1+ 25. Kh2 Qf2+ 0-1

[Event "Medellin Antioquia-ch"]
[Site "Medellin"]
[Date "2024.05.04"]
[Round "5"]
[White "Gomez, Nicolas de Jesus"]
[Black "Restrepo Ortiz, Brayan David"]
[Result "0-1"]
[WhiteElo "1760"]
[BlackElo "1889"]
[PlyCount "52"]
[EventDate "2024.05.01"]
[EventType "swiss"]
[EventRounds "7"]
[EventCountry "COL"]
[SourceTitle "CBM 220 Extra"]
[Source "ChessBase"]
[SourceDate "2024.07.31"]
[SourceVersion "1"]
[SourceVersionDate "2024.07.31"]
[SourceQuality "1"]

1. e4 c5 2. f4 d6 3. Nf3 a6 4. a4 Nc6 5. c3 Qc7 6. Bc4 Nf6 7. d3 g6 8. 0-0 Bg7 9. Na3 0-0 10. Qe1 e6 11. Qh4 b6 12. Ba2 Rb8 13. f5 exf5 14. Bh6 Ng4 15. Bxg7 Kxg7 16. exf5 Bxf5 17. Ng5 h6 18. Rxf5 gxf5 19. Bxf7 Qe7 20. Ne6+ Kxf7 21. Qh5+ Kxe6 22. Re1+ Nge5 23. d4 cxd4 24. cxd4 Nxd4 25. Qxh6+ Kd7 26. Nc4 Nef3+ 0-1

[Event "Medellin Antioquia-ch"]
[Site "Medellin"]
[Date "2024.05.02"]
[Round "3"]
[White "Zapata Cuartas, Juan Carlos"]
[Black "Restrepo Ortiz, Brayan David"]
[Result "1-0"]
[WhiteElo "1987"]
[BlackElo "1889"]
[PlyCount "79"]
[EventDate "2024.05.01"]
[EventType "swiss"]
[EventRounds "7"]
[EventCountry "COL"]
[SourceTitle "CBM 220 Extra"]
[Source "ChessBase"]
[SourceDate "2024.07.31"]
[SourceVersion "1"]
[SourceVersionDate "2024.07.31"]
[SourceQuality "1"]

1. d4 Nf6 2. c4 e6 3. Nf3 d5 4. Nc3 a6 5. Bg5 Be7 6. e3 0-0 7. Rc1 Nbd7 8. c5 h6 9. Bf4 Nh5 10. Bd3 f5 11. Be5 Nhf6 12. 0-0 Ne4 13. Bg3 g5 14. Bxe4 dxe4 15. Ne5 Bf6 16. Nc4 Bg7 17. c6 Nf6 18. Ne5 b6 19. h4 g4 20. Ng6 Rf7 21. Nf4 Qe8 22. d5 e5 23. Ng6 Nh5 24. d6 cxd6 25. Qxd6 Rf6 26. Ne7+ Kf7 27. Qc7 Qxe7 28. Qxe7+ Kxe7 29. Nd5+ Kf7 30. Bxe5 Re6 31. Bxg7 Nxg7 32. Nc7 Ra7 33. Nxe6 Bxe6 34. c7 Bc8 35. Rfd1 Ne6 36. Rd8 Ra8 37. Rc6 b5 38. Rh8 Kg7 39. Re8 Kf7 40. Rcxe6 1-0

[Event "Medellin Antioquia-ch"]
[Site "Medellin"]
[Date "2024.05.01"]
[Round "1"]
[White "Patino Rios, Juan David"]
[Black "Restrepo Ortiz, Brayan David"]
[Result "0-1"]
[WhiteElo "1621"]
[BlackElo "1889"]
[PlyCount "34"]
[EventDate "2024.05.01"]
[EventType "swiss"]
[EventRounds "7"]
[EventCountry "COL"]
[SourceTitle "CBM 220 Extra"]
[Source "ChessBase"]
[SourceDate "2024.07.31"]
[SourceVersion "1"]
[SourceVersionDate "2024.07.31"]
[SourceQuality "1"]

1. Nf3 Nf6 2. b3 d5 3. Bb2 e6 4. e3 c5 5. d4 Nc6 6. c4 a6 7. Be2 Bd6 8. 0-0 0-0 9. Nc3 cxd4 10. Nxd4 Nxd4 11. Qxd4 dxc4 12. Bxc4 Qc7 13. h3 Be5 14. Qd2 b5 15. Be2 Rd8 16. Qc1 Bb7 17. Nd1 Rxd1 0-1

[Event "COL-ch sf"]
[Site "Pereira"]
[Date "2024.03.26"]
[Round "1"]
[White "Restrepo Ortiz, Brayan David"]
[Black "Cifuentes, John Jairo"]
[Result "0-1"]
[WhiteElo "1800"]
[BlackElo "2118"]
[PlyCount "128"]
[EventDate "2024.03.26"]
[EventType "swiss"]
[EventRounds "11"]
[EventCountry "COL"]
[SourceTitle "CBM 219 Extra"]
[Source "ChessBase"]
[SourceDate "2024.05.31"]
[SourceVersion "1"]
[SourceVersionDate "2024.05.31"]
[SourceQuality "1"]

1. e4 e5 2. Nf3 Nc6 3. Bb5 f5 4. d3 fxe4 5. dxe4 Nf6 6. Qe2 Bb4+ 7. c3 Bc5 8. Bg5 Qe7 9. b4 Bb6 10. Bc4 d6 11. a4 a6 12. a5 Ba7 13. Nh4 Nd8 14. f3 Nf7 15. Be3 Bxe3 16. Qxe3 d5 17. Bd3 d4 18. Qd2 g5 19. Nf5 Bxf5 20. exf5 dxc3 21. Qxc3 Nd5 22. Qd2 Rd8 23. Be4 Nf4 24. Qc3 c6 25. g3 Nd5 26. Bxd5 Rxd5 27. Na3 Nd6 28. 0-0 Nxf5 29. Rae1 0-0 30. Nc4 Nd4 31. f4 gxf4 32. gxf4 Rxf4 33. Qg3+ Qg7 34. Rxf4 Qxg3+ 35. hxg3 exf4 36. Re8+ Kf7 37. Rb8 fxg3 38. Rxb7+ Kg6 39. Kg2 Rb5 40. Rb6 Ne2 41. Kf3 Rf5+ 42. Kxe2 g2 43. Rb8 Kg7 44. Ne3 g1Q 45. Nxf5+ Kf6 46. Rf8+ Ke5 47. Ne3 Kd4 48. Rf4+ Ke5 49. Rf8 Qh2+ 50. Kd3 Qh5 51. Rf1 Qg6+ 52. Ke2 Ke4 53. Rf2 Qh5+ 54. Kd2 Qg5 55. Re2 h5 56. Kc3 Qxe3+ 57. Rxe3+ Kxe3 58. Kc4 h4 59. Kc5 h3 60. Kxc6 h2 61. Kb6 h1Q 62. Kxa6 Qa8+ 63. Kb6 Kd4 64. Kb5 Qb7+ 0-1

[Event "COL-ch U18"]
[Site "Ibague"]
[Date "2024.03.15"]
[Round "3"]
[White "Restrepo Ortiz, Brayan David"]
[Black "Caicedo Vallejo, Jacobo"]
[Result "1/2-1/2"]
[WhiteElo "1800"]
[BlackElo "1564"]
[PlyCount "58"]
[EventDate "2024.03.14"]
[EventType "swiss"]
[EventRounds "7"]
[EventCountry "COL"]
[SourceTitle "CBM 219 Extra"]
[Source "ChessBase"]
[SourceDate "2024.05.31"]
[SourceVersion "1"]
[SourceVersionDate "2024.05.31"]
[SourceQuality "1"]

1. e4 c5 2. Nf3 Nc6 3. c3 e5 4. Bb5 Nge7 5. Qe2 a6 6. Ba4 Ng6 7. d3 Be7 8. Bb3 0-0 9. g3 d6 10. h4 Be6 11. Bd5 Qd7 12. Ng5 Bxg5 13. hxg5 Rfe8 14. Bxe6 Qxe6 15. f4 f5 16. gxf6 Qxf6 17. f5 Nge7 18. Qh5 h6 19. g4 Qf7 20. Qh4 Kf8 21. g5 hxg5 22. Bxg5 Ng8 23. Qh8 c4 24. Rh7 cxd3 25. f6 Qg6 26. Nd2 Qxg5 27. Rxg7 Qe3+ 28. Kf1 Qe2+ 29. Kg1 Qe3+ 1/2-1/2

[Event "Sabaneta op-B 1st"]
[Site "Sabaneta"]
[Date "2022.11.29"]
[Round "7"]
[White "Hernandez Pinzon, Helvert"]
[Black "Restrepo Ortiz, Brayan David"]
[Result "1-0"]
[WhiteElo "1835"]
[BlackElo "1600"]
[PlyCount "59"]
[EventDate "2022.11.25"]
[EventType "swiss"]
[EventRounds "8"]
[EventCountry "COL"]
[SourceTitle "CBM 211 Extra"]
[Source "ChessBase"]
[SourceDate "2023.01.31"]
[SourceVersion "1"]
[SourceVersionDate "2023.01.31"]
[SourceQuality "1"]

1. e4 g6 2. d4 Bg7 3. c4 d6 4. Nf3 Nd7 5. Nc3 e5 6. Be3 Ngf6 7. h3 0-0 8. Qd2 exd4 9. Nxd4 Re8 10. f3 a5 11. 0-0-0 Nc5 12. g4 a4 13. Ndb5 Nfd7 14. h4 b6 15. h5 Ne5 16. hxg6 hxg6 17. Qh2 g5 18. Be2 Be6 19. Nd4 a3 20. b3 Kf8 21. f4 gxf4 22. Bxf4 Ng6 23. Bh6 Qf6 24. g5 Qf4+ 25. Kc2 Bd7 26. Bxg7+ Kxg7 27. Qh6+ Kg8 28. Rdf1 Rxe4 29. Rxf4 Rxf4 30. Nd5 1-0

[Event "Sabaneta op-B 1st"]
[Site "Sabaneta"]
[Date "2022.11.26"]
[Round "2"]
[White "Restrepo Ortiz, Brayan David"]
[Black "Hernandez, Stefano"]
[Result "0-1"]
[WhiteElo "1600"]
[BlackElo "1765"]
[PlyCount "70"]
[EventDate "2022.11.25"]
[EventType "swiss"]
[EventRounds "8"]
[EventCountry "COL"]
[SourceTitle "CBM 211 Extra"]
[Source "ChessBase"]
[SourceDate "2023.01.31"]
[SourceVersion "1"]
[SourceVersionDate "2023.01.31"]
[SourceQuality "1"]

1. e4 c5 2. Nf3 d6 3. Bb5+ Nd7 4. 0-0 a6 5. Bd3 g6 6. a4 Bg7 7. c3 Ngf6 8. Bc2 0-0 9. d4 e5 10. Re1 Qc7 11. d5 Nb6 12. Nbd2 Bd7 13. a5 Nc8 14. Bd3 Ne7 15. Nc4 Rae8 16. Nb6 Nh5 17. Nxd7 Qxd7 18. g3 Kh8 19. Bf1 f5 20. Bh3 Nf6 21. Nh4 Nfg8 22. Bg5 Qb5 23. exf5 Nxf5 24. Bxf5 gxf5 25. Qh5 Nf6 26. Bxf6 Rxf6 27. Nxf5 Ref8 28. g4 Qxb2 29. Rab1 Qxc3 30. Re3 Qc2 31. Rxb7 Qd1+ 32. Re1 Qxe1+ 33. Kg2 Rxf5 34. gxf5 Qe4+ 35. f3 Qxd5 0-1

[Event "Sabaneta op-B 1st"]
[Site "Sabaneta"]
[Date "2022.11.25"]
[Round "1"]
[White "Florez, Santiago"]
[Black "Restrepo Ortiz, Brayan David"]
[Result "0-1"]
[WhiteElo "1710"]
[BlackElo "1600"]
[PlyCount "54"]
[EventDate "2022.11.25"]
[EventType "swiss"]
[EventRounds "8"]
[EventCountry "COL"]
[SourceTitle "CBM 211 Extra"]
[Source "ChessBase"]
[SourceDate "2023.01.31"]
[SourceVersion "1"]
[SourceVersionDate "2023.01.31"]
[SourceQuality "1"]

1. d4 g6 2. Nf3 Bg7 3. Bf4 d6 4. e3 Nd7 5. Be2 h6 6. Nbd2 Ngf6 7. h3 0-0 8. 0-0 Re8 9. c3 e5 10. dxe5 dxe5 11. Bh2 Qe7 12. Qc2 Nd5 13. Rad1 N5b6 14. e4 a5 15. Nb1 Nc5 16. c4 c6 17. Rd2 f6 18. Rfd1 Be6 19. b3 h5 20. Nh4 Bf7 21. f4 exf4 22. e5 fxe5 23. Nxg6 Qg5 24. Rd6 Re6 25. Rxe6 Nxe6 26. Bd3 Nd4 27. h4 Qf6 0-1